Reliability-based design in geotechnical engineering : computations and applications /

Bibliographic Details
Main Author: Phoon, Kok-Kwang
Format: Book
Language:English
Published: New York : Taylor & Francis, 2008.
Subjects:

MARC

Tag First Indicator Second Indicator Subfields
LEADER 00000pam a22000004a 4500
001 in00002404875
005 20151109090614.0
008 070820s2008 nyu b 001 0 eng
010 |a  2007034643 
020 |a 9780415396301 (hbk : alk. paper) 
020 |a 0415396301 (hbk : alk. paper) 
020 |a 9780203934241 (e-book) 
020 |a 0203934245 (e-book) 
035 |a (OCoLC)ocn166255256 
040 |a DLC  |c DLC  |d UtOrBLW 
049 |a TXAM 
050 0 0 |a TA706  |b .P48 2008 
082 0 0 |a 624.1/51  |2 22 
100 1 |a Phoon, Kok-Kwang. 
245 1 0 |a Reliability-based design in geotechnical engineering :  |b computations and applications /  |c Kok-Kwang Phoon. 
264 1 |a New York :  |b Taylor & Francis,  |c 2008. 
300 |a xii, 530 pages :  |b illustrations ;  |c 24 cm. 
336 |a text  |b txt  |2 rdacontent 
337 |a unmediated  |b n  |2 rdamedia 
338 |a volume  |b nc  |2 rdacarrier 
504 |a Includes bibliographical references and index. 
650 0 |a Rock mechanics. 
650 0 |a Soil mechanics. 
650 0 |a Reliability. 
945 |a PromptCat 
946 |a stk 
947 |a A14836714723 
948 |a cataloged  |b h  |c 2008/8/11  |d c  |e dmitchel  |f 10:20:30 am 
994 |a 92  |b TXA 
999 |a MARS 
999 f f |s 1b9f4ee3-a8b7-30a9-a906-3ac0e5da5b11  |i 3d91c397-354d-34a9-abe7-fb6105ac6e61  |t 0 
952 f f |p normal  |a Texas A&M University  |b College Station  |c Sterling C. Evans Library  |d Evans: Library Stacks  |t 0  |e TA706 .P48 2008  |h Library of Congress classification  |i unmediated -- volume  |m A14836714723 
998 f f |a TA706 .P48 2008  |t 0  |l Evans: Library Stacks